000 00845nam a22002897a 4500
001 5464
003 FISKH
005 20250131121204.0
008 241209b cb ||||| |||| 00| 0 eng d
020 _a9780439328715
040 _aFISKH
_beng
_cFISKH
_dFISKH
050 _aPS3551.D22
082 _a813.54
100 _aAda, Alma Flor
245 _aUnder the Royal Palms :
_bA childhood in Cuba /
_cby Alma Flor Ada
260 _aNew York :
_bScholastic,
_c1998.
300 _a85 pages :
_billustrations ;
_c24 cm .
505 _aZ
520 _aThe author recalls her life and impressions growing up in Cuba.
521 8 _a1070
_bLexile
521 8 _aZ
_bRaz-Plus
650 _aautobiography
_vFiction
650 _amemoir
_vFiction
700 _aBarnett, Nina
_eBook designer
942 _2ddc
_cBK
_n0
999 _c5464
_d5464